Wayra: nuevos vientos en la historiografía chilena

Sábháilte in:
Sonraí bibleagrafaíochta
Príomhchruthaitheoirí: Díaz Araya, Alberto (Údar), Ruz Zagal, Rodrigo (Údar), Salazar Cáceres, Pablo (Údar)
Rannpháirtithe: González Miranda, Sergio Alberto (autor)
Formáid: LEABHAR
Teanga:Spáinnis
Foilsithe / Cruthaithe: Arica Ediciones Universidad de Tarapacá 2017
Eagrán:1a. ed
Ábhair:
Clibeanna: Cuir clib leis
Níl clibeanna ann, Bí ar an gcéad duine le clib a chur leis an taifead seo!

MARC

LEADER 00000cam a2200000 a 4500
001 UCC2947
003 CL-VaPUC
008 180329e20170000cl |||||||||||||||||spa|d
020 |a 9789567021772 
082 0 4 |a 907.20983  |b DIA  |2 21 
100 0 |a Díaz Araya, Alberto  |e author  |9 596934 
700 |a González Miranda, Sergio Alberto  |e autor  |9 538169 
700 0 |a Ruz Zagal, Rodrigo  |e author  |9 596936 
700 0 |a Salazar Cáceres, Pablo  |e author  |9 596937 
245 1 0 |a Wayra: nuevos vientos en la historiografía chilena 
250 |a 1a. ed 
300 |a 415 p 
942 |c BK 
945 |d 20180329 11:34:00  |a dcastane 
260 |a Arica  |b Ediciones Universidad de Tarapacá  |c 2017 
650 0 |a Historiografía   |9 257871 
650 0 |a Historiografía chilena  |9 441414 
650 0 |a Historia de Chile siglo 20  |9 268145 
583 |a last modification  |c 20180329 11:34:00  |k Rodrigo Vera 
999 |c 370831  |d 370829 
952 |0 0  |1 0  |3 erb  |4 0  |6 907_209830000000000_DIA_2017  |7 0  |8 A  |9 487501  |a BIBHIS  |b BIBHIS  |i 546062K  |l 2  |m 1  |o 907.20983 DIA 2017  |p 546062K  |r 2025-01-20  |s 2022-08-08  |w 2019-11-24  |y BK  |z Catalogado en:20180329  |k HIS 
952 |0 0  |1 0  |3 erb  |4 0  |6 907_209830000000000_DIA_2017  |7 0  |8 A  |9 487502  |a BIBHIS  |b BIBHIS  |i 5488613  |l 1  |o 907.20983 DIA 2017  |p 5488613  |r 2025-01-20  |s 2022-09-30  |w 2019-11-24  |y BK  |z Catalogado en:20180817  |k HIS